| Tag |
First Indicator |
Second Indicator |
Subfields |
| LEADER |
00000cam a2200000 a 4500 |
| 001 |
in00000006202 |
| 005 |
20150928150025.0 |
| 008 |
990824s1999 gau b f000 0 eng d |
| 035 |
|
|
|a (OCoLC)42217079
|
| 035 |
|
|
|9 AJK2718AM
|
| 040 |
|
|
|a GPO
|c GPO
|d DLC
|d MvI
|d UtOrBLW
|
| 043 |
|
|
|a n-us-or
|
| 049 |
|
|
|a UDOC
|
| 074 |
|
|
|a 0499-F-16
|
| 086 |
0 |
|
|a HE 20.7125/2:98-0111-2731
|
| 100 |
1 |
|
|a Esswein, Eric J.
|
| 245 |
1 |
0 |
|a U.S. Department of Agriculture, U.S. Forest Service, Pacific Northwest Region Portland Oregon /
|c Eric J. Esswein, Kevin Roegner.
|
| 264 |
|
1 |
|a [Atlanta, Ga.] :
|b U.S. Dept. of Health and Human Services, Public Health Service, Centers for Disease Control and Prevention, National Institute for Occupational Safety and Health ;
|c [1999]
|
| 264 |
|
2 |
|a [Springfield, Va.] :
|b [National Technical Information Service, distributor],
|
| 300 |
|
|
|a iii, 16 pages ;
|c 28 cm.
|
| 336 |
|
|
|a text
|b txt
|2 rdacontent
|
| 337 |
|
|
|a unmediated
|b n
|2 rdamedia
|
| 338 |
|
|
|a volume
|b nc
|2 rdacarrier
|
| 490 |
1 |
|
|a NIOSH health hazard evaluation report ;
|v HETA 98-0111-2731
|
| 500 |
|
|
|a Shipping list number: 99-0333-P.
|
| 500 |
|
|
|a "March 1999"--P. iii.
|
| 504 |
|
|
|a Includes bibliographical references (pages 8-9).
|
| 650 |
|
0 |
|a Sick building syndrome
|z Oregon
|z Portland.
|
| 650 |
|
0 |
|a Indoor air pollution
|z Oregon
|z Portland.
|
| 700 |
1 |
|
|a Roegner, Kevin.
|
| 710 |
2 |
|
|a National Institute for Occupational Safety and Health.
|
| 830 |
|
0 |
|a NIOSH health hazard evaluation report ;
|v HETA 98-0111-2731.
|
| 999 |
|
|
|a MARS
|
| 999 |
f |
f |
|s 8d89f040-7198-3a9a-9b2d-fc00973b91de
|i 740ff796-bcee-3b81-ba77-98ee89ac9eaa
|t 0
|
| 952 |
f |
f |
|p normal
|a Texas A&M University
|b College Station
|c Sterling C. Evans Library
|d Evans: US Documents (Annex 5th floor)
|t 0
|e HE 20.7125/2:98-0111-2731
|h Superintendent of Documents classification
|i unmediated -- volume
|m A14827505890
|
| 998 |
f |
f |
|a HE 20.7125/2:98-0111-2731
|t 0
|l Evans: US Documents (Annex 5th floor)
|